000 00887cam a22002054a 4500
005 20250605164022.0
008 250528s ||||||||||||||||||||||||d
035 _a16379
020 _a415157935
040 _aGR-AtMCL
_bgre
_dGR-AtMCL
_eAACR2
245 1 _aAn Introduction to Philosophical Analysis / Fourth Edition
250 _a4th
260 _bRouledge,
_c1997
300 _a282
520 _aOne of the most successful introductions to philosophy ever published. Preface, Words and the World, Language and Reality, What Can We Know?, Knowledge, What is the World Like?, The Way the World Works, Scientific Knowledge, What Is and What Must Be, Freedom and Necessity, What Am I?, Mind and Body, What Else Is There?, Philosophy of Religion, The Is and the Ought, Problems in Ethics, Index.
700 1 _aHospers John
_92475
942 _cBK
999 _c1887
_d1887